[Event "Iran Chess Championship Semi Final 2015 "]
[Site "Rasht , Iran"]
[Date "2015.12.14"]
[Round "3"]
[Board "2"]
[White "Maghsoodloo, Parham"]
[Black "Firouzja, Alireza"]
[Result "1/2-1/2"]
[WhiteElo "2443"]
[BlackElo "2372"]
[PlyCount "0"]
[EventDate "2015.12.13"]
[EventRounds "9"]
[EventCountry "IRI"]

1. d4 {[%clk 1:30:40]} Nf6 2. c4 {[%clk 1:31:08]} g6 {[%clk 1:30:33]} 3. Nc3
{[%clk 1:31:33]} d5 {[%clk 1:29:19]} 4. cxd5 {[%clk 1:31:42]} Nxd5
{[%clk 1:29:40]} 5. e4 {[%clk 1:31:33]} Nxc3 {[%clk 1:30:02]} 6. bxc3
{[%clk 1:32:02]} Bg7 {[%clk 1:30:24]} 7. Be3 {[%clk 1:32:30]} O-O
{[%clk 1:29:06]} 8. Rc1 {[%clk 1:31:59]} c5 {[%clk 1:21:25]} 9. Qd2
{[%clk 1:30:36]} b6 {[%clk 1:11:06]} 10. Nf3 {[%clk 1:30:59]} Bb7
{[%clk 1:10:04]} 11. Bd3 {[%clk 1:31:01]} Nd7 {[%clk 1:05:47]} 12. d5
{[%clk 1:30:05]} Re8 {[%clk 0:56:16]} 13. O-O {[%clk 1:27:19]} Rc8
{[%clk 0:49:19]} 14. c4 {[%clk 1:26:47]} e6 {[%clk 0:48:57]} 15. Bg5
{[%clk 1:23:28]} Bf6 {[%clk 0:43:17]} 16. Qf4 {[%clk 1:22:45]} exd5
{[%clk 0:34:38]} 17. cxd5 {[%clk 1:19:15]} a6 {[%clk 0:32:05]} 18. a4
{[%clk 1:17:56]} Bxg5 {[%clk 0:27:42]} 19. Nxg5 {[%clk 1:18:07]} Qf6
{[%clk 0:27:38]} 20. Qxf6 {[%clk 1:18:15]} Nxf6 {[%clk 0:28:02]} 21. f3
{[%clk 1:13:35]} Nd7 {[%clk 0:27:16]} 22. Rf2 {[%clk 1:12:46]} h6
{[%clk 0:22:22]} 23. Nh3 {[%clk 1:13:14]} g5 {[%clk 0:22:19]} 24. Rb2
{[%clk 1:13:38]} Kg7 {[%clk 0:22:22]} 25. Nf2 {[%clk 1:14:05]} Rb8
{[%clk 0:16:02]} 26. Ng4 {[%clk 1:13:23]} Bc8 {[%clk 0:16:20]} 27. Kf2
{[%clk 1:12:43]} h5 {[%clk 0:14:57]} 28. Ne3 {[%clk 1:12:53]} Ne5
{[%clk 0:15:23]} 29. Be2 {[%clk 1:13:19]} Bd7 {[%clk 0:13:47]} 30. Rcb1
{[%clk 1:09:22]} b5 {[%clk 0:12:49]} 31. axb5 {[%clk 1:09:26]} axb5
{[%clk 0:13:15]} 32. Bxb5 {[%clk 1:09:40]} Bxb5 {[%clk 0:12:58]} 33. Rxb5
{[%clk 1:10:09]} Ra8 {[%clk 0:13:20]} 34. Kg3 {[%clk 1:09:56]} h4+
{[%clk 0:12:59]} 35. Kh3 {[%clk 1:09:56]} Nd3 {[%clk 0:13:21]} 36. g3
{[%clk 1:08:54]} Ra2 {[%clk 0:11:17]} 37. gxh4 {[%clk 1:03:44]} Nf2+
{[%clk 0:03:19]} 38. Kg3 {[%clk 1:03:30]} gxh4+ {[%clk 0:03:34]} 39. Kxh4
{[%clk 1:03:15]} Nxe4 {[%clk 0:02:48]} 40. Rg1+ {[%clk 0:59:33]} Kf8
{[%clk 0:01:59]} 41. Ng4 {[%clk 0:58:05]} Nd2 {[%clk 0:00:55]} 42. Rg3
{[%clk 0:57:15]} Nf1 {[%clk 0:01:06]} 43. Rh3 {[%clk 0:57:28]} Kg7
{[%clk 0:00:39]} 44. Kg5 {[%clk 0:57:25]} Rd2 {[%clk 0:00:33]} 45. Rxc5
{[%clk 0:56:01]} Rd8 {[%clk 0:00:56]} 46. f4 {[%clk 0:54:39]} R2xd5+
{[%clk 0:01:19]} 47. Rxd5 {[%clk 0:55:04]} Rxd5+ {[%clk 0:01:45]} 48. f5
{[%clk 0:55:29]} Nd2 {[%clk 0:01:39]} 49. Nf6 {[%clk 0:55:47]} Rd4
{[%clk 0:01:09]} 50. Re3 {[%clk 0:54:37]} Rd8 {[%clk 0:00:56]} 51. h4
{[%clk 0:54:21]} Nc4 {[%clk 0:00:58]} 52. Re4 {[%clk 0:53:37]} Nd2
{[%clk 0:01:18]} 53. Re3 {[%clk 0:53:21]} Nc4 {[%clk 0:01:37]} 54. Rc3
{[%clk 0:52:54]} Nd2 {[%clk 0:01:11]} 55. h5 {[%clk 0:53:20]} Rf8
{[%clk 0:00:45]} 56. h6+ {[%clk 0:53:08]} Kh8 {[%clk 0:01:12]} 57. Kf4
{[%clk 0:53:31]} Rd8 {[%clk 0:01:05]} 58. Rg3 {[%clk 0:53:36]} Rd4+
{[%clk 0:00:59]} 59. Ke5 {[%clk 0:53:17]} Nf3+ {[%clk 0:01:17]} 60. Rxf3
{[%clk 0:53:45]} Rf4 {[%clk 0:01:41]} 61. Rxf4 {[%clk 0:48:14]} 1/2-1/2

[Event "Iran Chess Championship Semi Final 2015 "]
[Site "Rasht , Iran"]
[Date "2015.12.14"]
[Round "3"]
[Board "3"]
[White "Asgharzadeh, M.Reza"]
[Black "Javanbakht, Nima"]
[Result "1/2-1/2"]
[WhiteElo "2278"]
[BlackElo "2410"]
[PlyCount "0"]
[EventDate "2015.12.13"]
[EventRounds "9"]
[EventCountry "IRI"]

1. d4 {[%clk 1:29:52]} d5 {[%clk 1:30:51]} 2. c4 {[%clk 1:30:16]} e6
{[%clk 1:31:12]} 3. Nc3 {[%clk 1:30:33]} c6 {[%clk 1:31:36]} 4. e3
{[%clk 1:30:02]} Nf6 {[%clk 1:31:57]} 5. Nf3 {[%clk 1:30:21]} Nbd7
{[%clk 1:32:20]} 6. Qc2 {[%clk 1:27:50]} Bd6 {[%clk 1:32:36]} 7. Bd3
{[%clk 1:28:11]} dxc4 {[%clk 1:32:15]} 8. Bxc4 {[%clk 1:28:39]} O-O
{[%clk 1:31:58]} 9. O-O {[%clk 1:25:21]} b5 {[%clk 1:32:18]} 10. Bd3
{[%clk 1:25:16]} Bb7 {[%clk 1:32:41]} 11. h3 {[%clk 1:16:44]} b4 {[%clk 1:29:09]}
12. Ne4 {[%clk 1:15:10]} Nxe4 {[%clk 1:28:40]} 13. Bxe4 {[%clk 1:15:31]} f5
{[%clk 1:29:01]} 14. Bd3 {[%clk 1:15:04]} c5 {[%clk 1:29:27]} 15. Qe2
{[%clk 1:09:01]} e5 {[%clk 1:11:44]} 16. dxe5 {[%clk 1:02:20]} Nxe5
{[%clk 1:06:35]} 17. Nxe5 {[%clk 1:02:42]} Bxe5 {[%clk 1:07:01]} 18. f4
{[%clk 1:02:44]} Bd6 {[%clk 0:50:37]} 19. b3 {[%clk 1:02:47]} Qe7
{[%clk 0:46:24]} 1/2-1/2

[Event "Iran Chess Championship Semi Final 2015 "]
[Site "Rasht , Iran"]
[Date "2015.12.14"]
[Round "3"]
[Board "4"]
[White "Khatibi, Meysam"]
[Black "Lorparizangeneh, Shahin"]
[Result "1-0"]
[WhiteElo "2172"]
[BlackElo "2454"]
[PlyCount "0"]
[EventDate "2015.12.13"]
[EventRounds "9"]
[EventCountry "IRI"]

1. e4 {[%clk 1:29:55]} e5 {[%clk 1:30:34]} 2. Nf3 {[%clk 1:30:03]} Nc6
{[%clk 1:30:59]} 3. Bb5 {[%clk 1:28:54]} Nge7 {[%clk 1:30:58]} 4. d4
{[%clk 1:21:47]} exd4 {[%clk 1:30:50]} 5. Nxd4 {[%clk 1:21:46]} Nxd4
{[%clk 1:30:59]} 6. Qxd4 {[%clk 1:22:04]} Nc6 {[%clk 1:31:24]} 7. Qe3
{[%clk 1:19:45]} Bd6 {[%clk 1:27:27]} 8. Nc3 {[%clk 1:15:02]} O-O
{[%clk 1:26:57]} 9. Bd2 {[%clk 1:12:04]} a6 {[%clk 1:23:48]} 10. Bd3
{[%clk 1:06:32]} Nb4 {[%clk 1:17:08]} 11. O-O-O {[%clk 1:00:05]} Be5
{[%clk 1:11:26]} 12. Kb1 {[%clk 0:57:53]} Nxd3 {[%clk 0:49:12]} 13. Qxd3
{[%clk 0:57:09]} d6 {[%clk 0:47:07]} 14. f4 {[%clk 0:56:05]} Bxc3
{[%clk 0:43:20]} 15. Bxc3 {[%clk 0:56:16]} f6 {[%clk 0:33:12]} 16. Rhg1
{[%clk 0:39:48]} Bg4 {[%clk 0:28:29]} 17. Rde1 {[%clk 0:38:14]} Be6
{[%clk 0:19:29]} 18. f5 {[%clk 0:32:48]} Bf7 {[%clk 0:18:50]} 19. g4
{[%clk 0:33:03]} Kh8 {[%clk 0:16:50]} 20. g5 {[%clk 0:33:00]} Bg8
{[%clk 0:16:58]} 21. gxf6 {[%clk 0:26:22]} gxf6 {[%clk 0:17:27]} 22. Qg3
{[%clk 0:26:41]} Qe7 {[%clk 0:15:41]} 23. Qh4 {[%clk 0:26:04]} Rf7
{[%clk 0:15:59]} 24. Rg6 {[%clk 0:25:29]} Raf8 {[%clk 0:16:23]} 25. Reg1
{[%clk 0:25:34]} b5 {[%clk 0:15:58]} 26. b3 {[%clk 0:24:32]} c5 {[%clk 0:16:05]}
27. Qh6 {[%clk 0:23:47]} b4 {[%clk 0:15:49]} 28. Bb2 {[%clk 0:23:59]} a5
{[%clk 0:15:37]} 29. Rxf6 {[%clk 0:23:35]} Rxf6 {[%clk 0:15:39]} 30. Rg6
{[%clk 0:23:55]} Qxe4 {[%clk 0:14:44]} 31. Qg7# {[%clk 0:24:19]} 1-0

[Event "Iran Chess Championship Semi Final 2015 "]
[Site "Rasht , Iran"]
[Date "2015.12.14"]
[Round "3"]
[Board "5"]
[White "Mahjoob Zardast, Morteza"]
[Black "Sadeh, Shahin"]
[Result "1/2-1/2"]
[WhiteElo "2381"]
[BlackElo "2284"]
[PlyCount "0"]
[EventDate "2015.12.13"]
[EventRounds "9"]
[EventCountry "IRI"]

1. e4 {[%clk 1:27:04]} g6 {[%clk 1:30:54]} 2. d4 {[%clk 1:27:29]} Bg7
{[%clk 1:31:17]} 3. Nc3 {[%clk 1:27:54]} c6 {[%clk 1:31:40]} 4. f4
{[%clk 1:27:44]} d5 {[%clk 1:31:36]} 5. e5 {[%clk 1:28:06]} Nh6 {[%clk 1:31:52]}
6. Nf3 {[%clk 1:24:18]} Bg4 {[%clk 1:32:15]} 7. Be3 {[%clk 1:21:34]} Nf5
{[%clk 1:31:14]} 8. Bf2 {[%clk 1:21:55]} Qb6 {[%clk 1:30:48]} 9. Rb1
{[%clk 1:17:18]} e6 {[%clk 1:25:08]} 10. Be2 {[%clk 1:16:32]} Bxf3
{[%clk 1:24:15]} 11. Bxf3 {[%clk 1:16:54]} h5 {[%clk 1:24:28]} 12. g3
{[%clk 1:14:25]} Bf8 {[%clk 1:21:32]} 13. O-O {[%clk 1:13:17]} Nd7
{[%clk 1:19:57]} 14. Ne2 {[%clk 0:56:02]} Be7 {[%clk 1:17:06]} 15. b3
{[%clk 0:48:09]} O-O {[%clk 1:08:32]} 16. c4 {[%clk 0:46:33]} Qa6
{[%clk 1:07:31]} 17. Qd3 {[%clk 0:42:17]} Rfd8 {[%clk 1:03:41]} 18. Rfd1
{[%clk 0:42:05]} dxc4 {[%clk 1:01:23]} 19. bxc4 {[%clk 0:40:55]} Nb6
{[%clk 1:01:38]} 20. Rbc1 {[%clk 0:31:49]} Rd7 {[%clk 0:54:51]} 21. Qb3
{[%clk 0:26:02]} Rad8 {[%clk 0:53:12]} 22. Be4 {[%clk 0:19:02]} c5
{[%clk 0:42:26]} 23. dxc5 {[%clk 0:19:06]} Rxd1+ {[%clk 0:42:52]} 24. Rxd1
{[%clk 0:19:32]} Rxd1+ {[%clk 0:43:15]} 25. Qxd1 {[%clk 0:19:56]} Nxc4
{[%clk 0:43:42]} 26. Qd3 {[%clk 0:12:25]} Qxa2 {[%clk 0:33:25]} 27. Bxb7
{[%clk 0:09:38]} Nce3 {[%clk 0:31:40]} 28. Bxe3 {[%clk 0:07:41]} Nxe3
{[%clk 0:31:58]} 29. Qxe3 {[%clk 0:08:08]} Qb1+ {[%clk 0:32:22]} 30. Qc1
{[%clk 0:06:02]} Qxb7 {[%clk 0:32:50]} 31. c6 {[%clk 0:06:27]} Qb6+
{[%clk 0:32:30]} 32. Kg2 {[%clk 0:03:01]} Bc5 {[%clk 0:32:57]} 33. Kh3
{[%clk 0:01:41]} Qxc6 {[%clk 0:33:05]} 34. Qc4 {[%clk 0:02:05]} Qd5
{[%clk 0:29:45]} 35. Qb5 {[%clk 0:02:01]} Bb6 {[%clk 0:28:03]} 36. Qxd5
{[%clk 0:00:40]} exd5 {[%clk 0:28:30]} 37. Kg2 {[%clk 0:00:58]} Kf8
{[%clk 0:24:03]} 38. Nc3 {[%clk 0:00:56]} d4 {[%clk 0:24:31]} 39. Na4
{[%clk 0:01:16]} d3 {[%clk 0:22:19]} 40. Kf1 {[%clk 0:01:44]} Bd4
{[%clk 0:22:01]} 41. Ke1 {[%clk 0:02:12]} Ke7 {[%clk 0:21:38]} 42. Kd2
{[%clk 0:01:49]} Bg1 {[%clk 0:20:55]} 43. h3 {[%clk 0:02:12]} Bh2
{[%clk 0:20:57]} 44. Kxd3 {[%clk 0:02:29]} Bxg3 {[%clk 0:21:25]} 45. Ke4
{[%clk 0:02:56]} Kd7 {[%clk 0:19:51]} 46. Nc5+ {[%clk 0:02:08]} Kc6
{[%clk 0:20:16]} 47. e6 {[%clk 0:01:46]} fxe6 {[%clk 0:17:13]} 48. Nxe6
{[%clk 0:02:14]} a5 {[%clk 0:17:36]} 49. Nd4+ {[%clk 0:02:15]} Kb6
{[%clk 0:14:10]} 50. f5 {[%clk 0:01:44]} gxf5+ {[%clk 0:14:24]} 51. Nxf5
{[%clk 0:01:54]} h4 {[%clk 0:11:41]} 52. Kd5 {[%clk 0:02:03]} Be1
{[%clk 0:09:52]} 53. Kc4 {[%clk 0:02:20]} Bf2 {[%clk 0:09:19]} 54. Ne7
{[%clk 0:01:30]} 1/2-1/2

[Event "Iran Chess Championship Semi Final 2015 "]
[Site "Rasht , Iran"]
[Date "2015.12.14"]
[Round "3"]
[Board "6"]
[White "Soozankar, A.M."]
[Black "Sedaghati, Mehrdad"]
[Result "0-1"]
[WhiteElo "2321"]
[BlackElo "2325"]
[PlyCount "0"]
[EventDate "2015.12.13"]
[EventRounds "9"]
[EventCountry "IRI"]

1. e4 c5 {[%clk 1:27:38]} 2. Nf3 {[%clk 1:31:25]} d6 {[%clk 1:28:03]} 3. d4
{[%clk 1:31:49]} cxd4 {[%clk 1:28:28]} 4. Nxd4 {[%clk 1:32:16]} Nf6
{[%clk 1:28:52]} 5. Nc3 {[%clk 1:32:41]} a6 {[%clk 1:29:20]} 6. Be3
{[%clk 1:32:53]} e5 {[%clk 1:29:29]} 7. Nb3 {[%clk 1:33:19]} Be6 {[%clk 1:29:49]}
8. f3 {[%clk 1:33:43]} Be7 {[%clk 1:29:59]} 9. Qd2 {[%clk 1:34:11]} Nbd7
{[%clk 1:30:11]} 10. g4 {[%clk 1:34:28]} O-O {[%clk 1:23:21]} 11. O-O-O
{[%clk 1:34:47]} b5 {[%clk 1:23:37]} 12. g5 {[%clk 1:35:10]} b4 {[%clk 1:24:04]}
13. gxf6 {[%clk 1:35:29]} bxc3 {[%clk 1:24:22]} 14. Qxc3 {[%clk 1:35:56]} Nxf6
{[%clk 1:24:15]} 15. Na5 {[%clk 1:36:17]} Qd7 {[%clk 1:19:35]} 16. Nc6
{[%clk 1:36:38]} Rfc8 {[%clk 1:19:44]} 17. Nxe7+ {[%clk 1:36:59]} Qxe7
{[%clk 1:20:11]} 18. Qa5 {[%clk 1:37:20]} Rc6 {[%clk 1:13:29]} 19. Rg1
{[%clk 1:36:33]} Kh8 {[%clk 1:11:02]} 20. Kb1 {[%clk 1:30:06]} Qb7
{[%clk 1:09:32]} 21. Bd3 {[%clk 1:25:22]} Rb8 {[%clk 1:08:03]} 22. b3
{[%clk 1:25:23]} h6 {[%clk 1:04:33]} 23. Qe1 {[%clk 1:19:28]} Qe7
{[%clk 0:55:35]} 24. Qg3 {[%clk 1:12:42]} Nh5 {[%clk 0:55:17]} 25. Qg2
{[%clk 1:09:26]} Qh4 {[%clk 0:50:26]} 26. f4 {[%clk 1:02:14]} Bh3
{[%clk 0:42:43]} 27. Qf3 {[%clk 1:02:37]} Nxf4 {[%clk 0:38:52]} 28. Bxf4
{[%clk 0:48:05]} exf4 {[%clk 0:39:08]} 29. e5 {[%clk 0:48:32]} Rbc8
{[%clk 0:38:40]} 30. Qe4 {[%clk 0:34:12]} g6 {[%clk 0:39:09]} 31. e6
{[%clk 0:33:37]} Bxe6 {[%clk 0:35:04]} 32. Rdf1 {[%clk 0:33:02]} Qf6
{[%clk 0:33:58]} 33. Rxf4 {[%clk 0:33:08]} Bf5 {[%clk 0:34:27]} 34. Qd4
{[%clk 0:26:02]} Qxd4 {[%clk 0:34:42]} 35. Rxd4 {[%clk 0:26:30]} Bxd3
{[%clk 0:34:56]} 36. cxd3 {[%clk 0:26:11]} Re8 {[%clk 0:32:44]} 37. Rc1
{[%clk 0:26:16]} Rxc1+ {[%clk 0:32:36]} 38. Kxc1 {[%clk 0:26:44]} Re2
{[%clk 0:32:31]} 39. a4 {[%clk 0:21:08]} Rxh2 {[%clk 0:32:40]} 40. b4
{[%clk 0:21:35]} Ra2 {[%clk 0:29:03]} 41. b5 {[%clk 0:19:24]} axb5
{[%clk 0:29:15]} 42. axb5 {[%clk 0:19:53]} Ra5 {[%clk 0:28:09]} 43. Rb4
{[%clk 0:19:13]} Kg7 {[%clk 0:27:08]} 44. b6 {[%clk 0:19:42]} Ra8
{[%clk 0:27:30]} 45. Kd2 {[%clk 0:20:09]} Kf6 {[%clk 0:26:54]} 46. Kc3
{[%clk 0:20:34]} h5 {[%clk 0:26:56]} 47. Kc4 {[%clk 0:20:41]} h4 {[%clk 0:26:31]}
48. Kd5 {[%clk 0:21:10]} g5 {[%clk 0:26:47]} 49. Kxd6 {[%clk 0:19:47]} h3
{[%clk 0:27:07]} 50. Rb2 {[%clk 0:19:45]} g4 {[%clk 0:27:16]} 51. Rf2+
{[%clk 0:20:14]} Kg5 {[%clk 0:23:23]} 52. b7 {[%clk 0:19:57]} Rb8
{[%clk 0:23:49]} 53. Rxf7 {[%clk 0:20:21]} h2 {[%clk 0:21:54]} 54. Rh7
{[%clk 0:20:44]} g3 {[%clk 0:21:30]} 55. Kc7 {[%clk 0:21:10]} Rxb7+
{[%clk 0:21:51]} 56. Kxb7 {[%clk 0:21:37]} g2 {[%clk 0:22:09]} 57. Rxh2
{[%clk 0:22:04]} g1=Q {[%clk 0:22:27]} 58. Rb2 {[%clk 0:22:32]} Qd4
{[%clk 0:21:42]} 59. Rb5+ {[%clk 0:22:52]} Kf6 {[%clk 0:21:58]} 60. Kc6
{[%clk 0:23:16]} Ke6 {[%clk 0:22:07]} 61. Rb6 {[%clk 0:23:25]} Qxd3
{[%clk 0:22:31]} 62. Kc5+ {[%clk 0:23:46]} Ke5 {[%clk 0:22:55]} 63. Rb4
{[%clk 0:24:04]} Qc3+ {[%clk 0:22:53]} 64. Rc4 {[%clk 0:24:29]} Qa5+
{[%clk 0:23:19]} 0-1

[Event "Iran Chess Championship Semi Final 2015 "]
[Site "Rasht , Iran"]
[Date "2015.12.14"]
[Round "3"]
[Board "7"]
[White "Khamisi, S Jafar"]
[Black "Darini, Pouria"]
[Result "1-0"]
[WhiteElo "2224"]
[BlackElo "2500"]
[PlyCount "0"]
[EventDate "2015.12.13"]
[EventRounds "9"]
[EventCountry "IRI"]

1. e4 {[%clk 1:28:39]} c5 {[%clk 1:30:52]} 2. Nf3 {[%clk 1:28:41]} d6
{[%clk 1:31:16]} 3. Bb5+ {[%clk 1:28:55]} Nd7 {[%clk 1:25:40]} 4. c3
{[%clk 1:27:01]} Ngf6 {[%clk 1:25:52]} 5. Qe2 {[%clk 1:27:17]} a6
{[%clk 1:25:14]} 6. Ba4 {[%clk 1:27:06]} b5 {[%clk 1:21:23]} 7. Bc2
{[%clk 1:27:03]} Bb7 {[%clk 1:21:49]} 8. d4 {[%clk 1:23:33]} e5 {[%clk 1:19:59]}
9. d5 {[%clk 1:22:39]} Be7 {[%clk 1:17:02]} 10. O-O {[%clk 1:22:17]} O-O
{[%clk 1:17:28]} 11. b3 {[%clk 1:21:36]} Re8 {[%clk 1:13:55]} 12. a4
{[%clk 1:07:32]} b4 {[%clk 1:02:06]} 13. a5 {[%clk 1:05:30]} bxc3
{[%clk 0:57:06]} 14. Nxc3 {[%clk 1:05:44]} g6 {[%clk 0:57:34]} 15. Nd2
{[%clk 1:02:23]} Nh5 {[%clk 0:57:26]} 16. g3 {[%clk 1:02:32]} Ng7
{[%clk 0:52:46]} 17. Nc4 {[%clk 1:02:03]} Bf8 {[%clk 0:37:28]} 18. Bd2
{[%clk 0:55:28]} f5 {[%clk 0:37:03]} 19. f3 {[%clk 0:53:39]} f4 {[%clk 0:30:20]}
20. gxf4 {[%clk 0:38:58]} exf4 {[%clk 0:28:04]} 21. Bxf4 {[%clk 0:39:09]} Qf6
{[%clk 0:17:44]} 22. Qd2 {[%clk 0:37:31]} Nh5 {[%clk 0:18:08]} 23. Bg5
{[%clk 0:37:15]} Qg7 {[%clk 0:18:14]} 24. Ne2 {[%clk 0:37:05]} Ne5
{[%clk 0:15:58]} 25. Rab1 {[%clk 0:28:05]} Bc8 {[%clk 0:16:23]} 26. Nxe5
{[%clk 0:23:04]} dxe5 {[%clk 0:16:30]} 27. Ng3 {[%clk 0:18:29]} Nf4
{[%clk 0:13:11]} 28. Kh1 {[%clk 0:17:05]} Bd6 {[%clk 0:07:05]} 29. Ne2
{[%clk 0:08:15]} Rf8 {[%clk 0:07:29]} 30. Bh4 {[%clk 0:02:55]} Bh3
{[%clk 0:06:41]} 31. Rf2 {[%clk 0:02:49]} Ra7 {[%clk 0:06:59]} 32. Bg3
{[%clk 0:02:37]} Raf7 {[%clk 0:05:20]} 33. Bxf4 {[%clk 0:02:16]} exf4
{[%clk 0:05:45]} 34. Bd3 {[%clk 0:02:22]} Bc8 {[%clk 0:05:46]} 35. Qc3
{[%clk 0:02:11]} Be5 {[%clk 0:03:13]} 36. Qxc5 {[%clk 0:02:19]} Qf6
{[%clk 0:01:56]} 37. Bc4 {[%clk 0:02:11]} Kg7 {[%clk 0:02:55]} 38. Rd1
{[%clk 0:02:08]} Rc7 {[%clk 0:02:40]} 39. Qb6 {[%clk 0:01:54]} Qh4
{[%clk 0:03:09]} 40. Rff1 {[%clk 0:00:40]} Bh3 {[%clk 0:01:54]} 41. Qf2
{[%clk 0:00:52]} Qe7 {[%clk 0:01:23]} 42. Rfe1 {[%clk 0:00:43]} Kh8
{[%clk 0:01:08]} 43. Nd4 {[%clk 0:00:41]} Qc5 {[%clk 0:01:09]} 44. Qd2
{[%clk 0:00:51]} Rd8 {[%clk 0:01:13]} 45. Nc2 {[%clk 0:00:34]} g5
{[%clk 0:01:19]} 46. Rg1 {[%clk 0:00:39]} Rg7 {[%clk 0:01:02]} 47. Nd4
{[%clk 0:00:46]} Rg6 {[%clk 0:01:10]} 48. Nf5 {[%clk 0:00:47]} h5
{[%clk 0:00:47]} 49. Bf1 {[%clk 0:00:34]} Bxf5 {[%clk 0:00:38]} 50. exf5
{[%clk 0:00:58]} Rg7 {[%clk 0:00:59]} 51. Bxa6 {[%clk 0:01:03]} g4
{[%clk 0:00:46]} 52. f6 {[%clk 0:00:40]} Rg6 {[%clk 0:01:08]} 53. fxg4
{[%clk 0:00:55]} Rxf6 {[%clk 0:01:19]} 54. Bc4 {[%clk 0:00:51]} Rg6
{[%clk 0:00:31]} 55. gxh5 {[%clk 0:00:53]} Rf6 {[%clk 0:00:33]} 56. Qg2
{[%clk 0:01:02]} Qc7 {[%clk 0:00:35]} 57. Qg5 {[%clk 0:00:53]} Bc3
{[%clk 0:00:40]} 58. h6 {[%clk 0:00:53]} Rfd6 {[%clk 0:00:32]} 59. Rd3
{[%clk 0:00:39]} Bf6 {[%clk 0:00:48]} 60. Qxf4 {[%clk 0:00:48]} Qh7
{[%clk 0:00:45]} 61. Re3 {[%clk 0:00:50]} Qc2 {[%clk 0:00:33]} 62. Bd3
{[%clk 0:00:31]} Qc5 {[%clk 0:00:56]} 63. Be4 {[%clk 0:00:44]} Bd4
{[%clk 0:01:17]} 64. Reg3 {[%clk 0:00:35]} Rf6 {[%clk 0:00:39]} 65. Rg7
{[%clk 0:00:46]} Bxg1 {[%clk 0:00:34]} 66. Rh7+ {[%clk 0:00:40]} Kg8
{[%clk 0:00:58]} 67. Qg5+ {[%clk 0:00:52]} 1-0

[Event "Iran Chess Championship Semi Final 2015 "]
[Site "Rasht , Iran"]
[Date "2015.12.14"]
[Round "3"]
[Board "8"]
[White "Roohi, Abdolmajid"]
[Black "Mosadeghpour, Masoud"]
[Result "1/2-1/2"]
[WhiteElo "2201"]
[BlackElo "2479"]
[PlyCount "0"]
[EventDate "2015.12.13"]
[EventRounds "9"]
[EventCountry "IRI"]

1. d4 {[%clk 1:30:54]} Nf6 {[%clk 1:29:52]} 2. c4 {[%clk 1:31:10]} g6
{[%clk 1:30:15]} 3. Nc3 {[%clk 1:31:18]} d5 {[%clk 1:30:43]} 4. Bg5
{[%clk 1:31:09]} Ne4 {[%clk 1:30:34]} 5. Bf4 {[%clk 1:31:33]} Nxc3
{[%clk 1:29:50]} 6. bxc3 {[%clk 1:32:00]} Bg7 {[%clk 1:29:35]} 7. Nf3
{[%clk 1:32:20]} O-O {[%clk 1:28:17]} 8. e3 {[%clk 1:32:28]} c5 {[%clk 1:25:19]}
9. cxd5 {[%clk 1:32:14]} cxd4 {[%clk 1:21:07]} 10. cxd4 {[%clk 1:32:36]} Qxd5
{[%clk 1:20:39]} 11. Be2 {[%clk 1:32:59]} Nc6 {[%clk 1:18:57]} 12. O-O
{[%clk 1:32:42]} Be6 {[%clk 1:14:58]} 13. Qa4 {[%clk 1:26:32]} Rac8
{[%clk 1:08:01]} 14. Rfc1 {[%clk 1:20:35]} Qa5 {[%clk 1:08:17]} 15. Qxa5
{[%clk 1:19:57]} Nxa5 {[%clk 1:08:46]} 16. Nd2 {[%clk 1:19:47]} a6
{[%clk 1:05:06]} 17. Bc7 {[%clk 1:19:04]} Nc6 {[%clk 1:04:27]} 18. Bb6
{[%clk 1:19:24]} Nb4 {[%clk 1:03:12]} 19. Nc4 {[%clk 1:11:29]} Nd5
{[%clk 0:55:38]} 20. Ba5 {[%clk 1:06:36]} Rc6 {[%clk 0:44:46]} 21. Nb2
{[%clk 0:50:49]} Rfc8 {[%clk 0:44:22]} 22. Rxc6 {[%clk 0:51:07]} Rxc6
{[%clk 0:44:36]} 23. Bd3 {[%clk 0:50:27]} Nf4 {[%clk 0:37:01]} 24. Be4
{[%clk 0:44:39]} Bd5 {[%clk 0:36:32]} 25. Bxd5 {[%clk 0:44:56]} Nxd5
{[%clk 0:37:00]} 26. Nd3 {[%clk 0:43:24]} Rc2 {[%clk 0:33:56]} 27. a4
{[%clk 0:41:20]} b6 {[%clk 0:27:11]} 28. Be1 {[%clk 0:41:41]} a5 {[%clk 0:22:25]}
29. Kf1 {[%clk 0:38:03]} f5 {[%clk 0:21:10]} 30. g3 {[%clk 0:32:07]} g5
{[%clk 0:20:32]} 31. Rb1 {[%clk 0:25:15]} Kf7 {[%clk 0:14:44]} 32. Rb5
{[%clk 0:22:29]} e6 {[%clk 0:14:47]} 33. h3 {[%clk 0:14:51]} h5 {[%clk 0:14:03]}
34. Rb2 {[%clk 0:11:21]} Rc4 {[%clk 0:09:55]} 35. Ra2 {[%clk 0:11:42]} e5
{[%clk 0:07:57]} 36. Nxe5+ {[%clk 0:10:03]} Bxe5 {[%clk 0:08:18]} 37. dxe5
{[%clk 0:10:31]} Ke6 {[%clk 0:08:35]} 38. Ke2 {[%clk 0:10:35]} Kxe5
{[%clk 0:07:35]} 39. Kd3 {[%clk 0:08:35]} Rc1 {[%clk 0:07:11]} 40. f4+
{[%clk 0:08:37]} Kd6 {[%clk 0:06:40]} 41. Kd2 {[%clk 0:07:37]} Rb1
{[%clk 0:05:30]} 42. Ke2 {[%clk 0:06:25]} Rb3 {[%clk 0:05:05]} 43. fxg5
{[%clk 0:06:03]} Rxe3+ {[%clk 0:04:41]} 44. Kf2 {[%clk 0:06:32]} Rb3
{[%clk 0:03:40]} 45. g6 {[%clk 0:04:44]} Ke6 {[%clk 0:03:15]} 46. Re2+
{[%clk 0:04:48]} Kf6 {[%clk 0:02:58]} 47. g7 {[%clk 0:05:08]} Kxg7
{[%clk 0:03:23]} 48. Re5 {[%clk 0:05:30]} Nf6 {[%clk 0:01:49]} 49. Rxf5
{[%clk 0:05:34]} Ne4+ {[%clk 0:01:21]} 50. Ke2 {[%clk 0:05:22]} Kg6
{[%clk 0:00:35]} 51. Re5 {[%clk 0:05:27]} Ng5 {[%clk 0:00:32]} 52. Bd2
{[%clk 0:03:15]} Nf3 {[%clk 0:00:32]} 53. Re3 {[%clk 0:03:08]} Nd4+
{[%clk 0:00:41]} 54. Kf2 {[%clk 0:03:38]} Rb2 {[%clk 0:00:40]} 55. Rd3
{[%clk 0:04:01]} Nb3 {[%clk 0:00:44]} 56. Ke3 {[%clk 0:03:39]} Kf5
{[%clk 0:00:37]} 57. Bc3 {[%clk 0:03:45]} Rg2 {[%clk 0:00:40]} 58. Kf3
{[%clk 0:03:31]} Rc2 {[%clk 0:00:57]} 59. g4+ {[%clk 0:03:32]} hxg4+
{[%clk 0:01:14]} 60. hxg4+ {[%clk 0:04:01]} Ke6 {[%clk 0:01:44]} 61. Re3+
{[%clk 0:04:14]} Kf7 {[%clk 0:01:49]} 62. g5 {[%clk 0:03:51]} Nc5
{[%clk 0:02:08]} 63. Bd4 {[%clk 0:03:25]} Nxa4 {[%clk 0:02:15]} 64. g6+
{[%clk 0:03:28]} Kxg6 {[%clk 0:02:38]} 65. Bxb6 {[%clk 0:03:52]} Nxb6
{[%clk 0:01:47]} 66. Re6+ {[%clk 0:04:15]} Kf5 {[%clk 0:02:13]} 67. Rxb6
{[%clk 0:04:39]} Rc3+ {[%clk 0:01:59]} 68. Ke2 {[%clk 0:05:02]} Ke4
{[%clk 0:02:25]} 69. Kd2 {[%clk 0:05:18]} Ra3 {[%clk 0:02:34]} 70. Rd6
{[%clk 0:05:35]} a4 {[%clk 0:02:07]} 71. Kc2 {[%clk 0:05:58]} 1/2-1/2